| 000 | 00354nam a2200145Ia 4500 | ||
|---|---|---|---|
| 008 | 230917s9999||||xx |||||||||||||| ||und|| | ||
| 040 |
_e147585 _aMAIN |
||
| 041 | _aEnglish | ||
| 082 | _a320.5 W49R | ||
| 100 | _aVepar, C.L. | ||
| 245 | 0 | _aRajdarshan ka swadhyayan | |
| 260 |
_aLondon _bThe English University _c1979 |
||
| 300 | _a149 p. | ||
| 942 | _cBK | ||
| 999 |
_c212810 _d212810 |
||